000 00467nam a22001937a 4500
003 OSt
008 260212b |||||||| |||| 00| 0 eng d
020 _a9789354641985
082 _a658.4038
_bTUI
100 _aTURBAN, Efraim
245 _aInformation Technology for Management
250 _a12th Ed
260 _aNew Delhi
_bWiley
_c2024
300 _a606p+ MISC
700 _aPOLLARD,Carol
700 _aWOOD,Gregory
700 _aWALI,OP
942 _2ddc
_cREF
999 _c13809
_d13809